La muerte viaja sola / (Record no. 42374)
[ view plain ]
| 000 -LEADER | |
|---|---|
| campo de control de longitud fija | 00530nam a2200181 i 4500 |
| 001 - NÚMERO DE CONTROL | |
| campo de control | 42374 |
| 003 - IDENTIFICADOR DE NÚMERO DE CONTROL | |
| campo de control | ES-MaACL |
| 007 - CAMPO FIJO DE DESCRIPCIÓN FÍSICA--INFORMACIÓN GENERAL | |
| campo de control de longitud fija | t| |
| 008 - DATOS DE LONGITUD FIJA--INFORMACIÓN GENERAL | |
| campo de control de longitud fija | 030313s1953 sp ||||1| spa d |
| 100 1# - ENTRADA PRINCIPAL--NOMBRE DE PERSONA | |
| Nombre de persona | Castresana, Luis de. |
| 9 (RLIN) | 36806 |
| 245 13 - MENCIÓN DEL TÍTULO | |
| Título | La muerte viaja sola / |
| Mención de responsabilidad, etc. | por Luis de Castresana. |
| 260 ## - PUBLICACIÓN, DISTRIBUCIÓN, ETC. | |
| Lugar de publicación, distribución, etc. | Madrid : |
| Nombre del editor, distribuidor, etc. | [s.n., |
| Fecha de publicación, distribución, etc. | 1953] ( |
| Fabricante | Orbe) |
| 300 ## - DESCRIPCIÓN FÍSICA | |
| Extensión | 360 p. : |
| Otras características físicas | il. ; |
| Dimensiones | 19 cm. |
| 490 1# - MENCIÓN DE SERIE | |
| Mención de serie | Colección la nave ; |
| Designación de volumen o secuencia | 11 |
| 830 0# - PUNTO DE ACCESO ADICIONAL DE SERIE-TÍTULO UNIFORME | |
| Título uniforme | Colección la nave ; |
| Designación de volumen o secuencia | 11 |
| 9 (RLIN) | 229674 |
| 852 ## - LOCALIZACIÓN | |
| Ubicación | ES-MaACL |
| Número de control de estantería | C-6936 |
| Sublocalización o colección | R.34948 |
| Estatus retirado | Estado de pérdida | Estado de daño | No para préstamo | Biblioteca de origen | Biblioteca actual | Ubicación en estantería | Fecha de adquisición | Fuente de adquisición | Total de préstamos | Signatura topográfica completa | Código de barras | Visto por última vez | Precio de reemplazo | Tipo de ítem Koha |
|---|---|---|---|---|---|---|---|---|---|---|---|---|---|---|
| Biblioteca del Ateneo de Madrid | Biblioteca del Ateneo de Madrid | Sala Palomar | 17/01/2008 | C-6936 | 1044591 | 23/02/2023 | 23/02/2023 | Libro impreso |
